La mala hora /
Guardado en:
| Autor Principal: | |
|---|---|
| Formato: | Libro |
| Publicado: |
Buenos Aires :
Debolsillo,
2003
|
| Series: | Biblioteca contemporánea
|
| Materias: | |
| Etiquetas: |
Agregar Etiqueta
Sin Etiquetas, Sea el primero en etiquetar este registro!
|
| LEADER | 00680nam a22002295a 4500 | ||
|---|---|---|---|
| 001 | CEM.cems011283 | ||
| 005 | 20100916090021.0 | ||
| 008 | 130507s2003##################000#0#####d | ||
| 003 | CEMS | ||
| 020 | |a 9871138083 | ||
| 082 | 0 | 4 | |a C863.4 |
| 100 | 1 | |a García Márquez, Gabriel | |
| 245 | 1 | 0 | |a La mala hora / |c Gabriel García Márquez |
| 260 | |a Buenos Aires : |b Debolsillo, |c 2003 | ||
| 300 | |a 208 p. | ||
| 490 | 0 | |a Biblioteca contemporánea | |
| 653 | |a Literatura | ||
| 653 | |a Literatura colombiana-siglo 20 | ||
| 653 | |a Novelas | ||
| 653 | |a Novela colombiana-siglo 20 | ||
| 653 | |a Literatura hispanoamericana | ||
| 859 | |a CEMS |b BIB. CEMS - 11 de abril |h C863.4 |i G165-14 |p 22200.03 |t Ej.1 | ||
